Catholic Countries - Sudden Death - Statistics

General Stats
  • This quiz has been taken 1,508 times
  • The average score is 8 of 16
Answers on the Grid
Answers color-coded by a green-red scale on the quiz's grid according to % correct below.
Australia
Belize
Brazil
Burundi
Canada
Cape Verde
Croatia
East Timor
Ireland
Italy
Lebanon
Lithuania
Mexico
Monaco
Nauru
Philippines
Poland
Portugal
San Marino
Slovenia
Switzerland
United Kingdom
Uruguay
Vatican City
 
Answer Stats
Answer % Correct
Italy
78%
Brazil
77%
Vatican City
72%
Mexico
68%
Portugal
65%
Ireland
62%
Poland
61%
San Marino
59%
Philippines
56%
Croatia
46%
Monaco
46%
Lithuania
32%
Slovenia
31%
East Timor
29%
Cape Verde
27%
Burundi
13%
No matching quizzes found
Score Distribution
Percent of People with Each Score
Percentile by Number Answered
Your Score History
You have not taken this quiz